000
00305nam a22001337a 4500
003
NUST
005
20251009175508.0
020
_a
0710615604
082
_a
358.8,SPA
245
_a
Jane's Space Directory 1997-98 /
260
_a
U.K
_b
Jane's Information Group
_c
1997
300
_a
551 p
942
_2
ddc
_c
BK
999
_c
615149
_d
615149